Myocardum segmentation using active contour model with optical flow guided evolution / (رقم التسجيلة. 45144)

تفاصيل مارك
000 -LEADER
fixed length control field 01671cam a2200337 a 4500
003 - CONTROL NUMBER IDENTIFIER
control field EG-GiCUC
005 - DATE AND TIME OF LATEST TRANSACTION
control field 20250223030935.0
008 - FIXED-LENGTH DATA ELEMENTS--GENERAL INFORMATION
fixed length control field 140218s2013 ua dh f m 000 0 eng d
040 ## - CATALOGING SOURCE
Original cataloging agency EG-GiCUC
Language of cataloging eng
Transcribing agency EG-GiCUC
041 0# - LANGUAGE CODE
Language code of text/sound track or separate title eng
049 ## - LOCAL HOLDINGS (OCLC)
Holding library Deposite
097 ## - Thesis Degree
Thesis Level M.Sc
099 ## - LOCAL FREE-TEXT CALL NUMBER (OCLC)
Classification number Cai01.13.03.M.Sc.2013.Em.M
100 0# - MAIN ENTRY--PERSONAL NAME
Personal name Eman Nabeel Abdallah Marzban
245 10 - TITLE STATEMENT
Title Myocardum segmentation using active contour model with optical flow guided evolution /
Statement of responsibility, etc. Eman Nabeel Abdallah Marzban ; Supervised Bassel S. Tawfik , Ahmed S. Fahmy
246 15 - VARYING FORM OF TITLE
Title proper/short title استخلاص حدود عضلة القلب من صور الرنين المغناطيسى باستخدام أنموذج الإطار النشط والتتبع الضوئى
260 ## - PUBLICATION, DISTRIBUTION, ETC.
Place of publication, distribution, etc. Cairo :
Name of publisher, distributor, etc. Eman Nabeel Abdallah Marzban ,
Date of publication, distribution, etc. 2013
300 ## - PHYSICAL DESCRIPTION
Extent 105P. :
Other physical details charts , facsimiles ;
Dimensions 30cm
502 ## - DISSERTATION NOTE
Dissertation note Thesis (M.Sc.) - Cairo University - Faculty of Engineering - Department of Systems and Biomedical Engineering
520 ## - SUMMARY, ETC.
Summary, etc. Cardiovascular diseases (CVD) caused 17.5 million deaths worldwide in 2005 where more than 80 percent of the deaths occurred in low and middle income countries . In the World Health Organization (WHO) report published in 2011, CVD in Egypt was reported the first death - causing disease and reached 39% of total deaths
530 ## - ADDITIONAL PHYSICAL FORM AVAILABLE NOTE
Additional physical form available note Issued also as CD
653 #4 - INDEX TERM--UNCONTROLLED
Uncontrolled term Active contour models
653 #4 - INDEX TERM--UNCONTROLLED
Uncontrolled term MRI
653 #4 - INDEX TERM--UNCONTROLLED
Uncontrolled term Optical flow
700 0# - ADDED ENTRY--PERSONAL NAME
Personal name Ahmed Samir Fahmy ,
Relator term
700 0# - ADDED ENTRY--PERSONAL NAME
Personal name Bassel Mohamed Sobhy Tawfik ,
Relator term
856 ## - ELECTRONIC LOCATION AND ACCESS
Uniform Resource Identifier <a href="http://172.23.153.220/th.pdf">http://172.23.153.220/th.pdf</a>
905 ## - LOCAL DATA ELEMENT E, LDE (RLIN)
Cataloger Nazla
Reviser Revisor
905 ## - LOCAL DATA ELEMENT E, LDE (RLIN)
Cataloger Soheir
Reviser Cataloger
942 ## - ADDED ENTRY ELEMENTS (KOHA)
Source of classification or shelving scheme Dewey Decimal Classification
Koha item type Thesis
المقتنيات
Source of classification or shelving scheme Not for loan Home library Current library Date acquired Full call number Barcode Date last seen Koha item type Copy number
Dewey Decimal Classification   المكتبة المركزبة الجديدة - جامعة القاهرة قاعة الرسائل الجامعية - الدور الاول 11.02.2024 Cai01.13.03.M.Sc.2013.Em.M 01010110061931000 22.09.2023 Thesis  
Dewey Decimal Classification   المكتبة المركزبة الجديدة - جامعة القاهرة مخـــزن الرســائل الجـــامعية - البدروم 11.02.2024 Cai01.13.03.M.Sc.2013.Em.M 01020110061931000 22.09.2023 CD - Rom 61931.CD
Cairo University Libraries Portal Implemented & Customized by: Eng. M. Mohamady Contacts: new-lib@cl.cu.edu.eg | cnul@cl.cu.edu.eg
CUCL logo CNUL logo
© All rights reserved — Cairo University Libraries
CUCL logo
Implemented & Customized by: Eng. M. Mohamady Contact: new-lib@cl.cu.edu.eg © All rights reserved — New Central Library
CNUL logo
Implemented & Customized by: Eng. M. Mohamady Contact: cnul@cl.cu.edu.eg © All rights reserved — Cairo National University Library